Inovácie v jazyku Visual Basic 2008 príručka pre vývojárov, programátorov a softvérových expertov
Salvato in:
| Autore principale: | |
|---|---|
| Natura: | Libro |
| Lingua: | slovacco |
| Pubblicazione: |
Slovensko
Microsoft
2008
|
| Serie: | Microsoft Visual Studio 2008
|
| Soggetti: | |
| Tags: |
Nessun Tag, puoi essere il primo ad aggiungerne!!
|
MARC
| LEADER | 00000nam$a2200000$$$4500 | ||
|---|---|---|---|
| 001 | 0082509 | ||
| 005 | 20240502071927.7 | ||
| 041 | 0 | |a slo | |
| 044 | |a SK | ||
| 245 | 1 | 0 | |a Inovácie v jazyku Visual Basic 2008 |b príručka pre vývojárov, programátorov a softvérových expertov |c Ján Hanák |
| 264 | 1 | |a Slovensko |b Microsoft |c 2008 | |
| 300 | |a 90 s. | ||
| 490 | 1 | |a Microsoft Visual Studio 2008 | |
| 830 | 0 | |a Microsoft Visual Studio 2008 | |
| 610 | 2 | 0 | |a jazyky programovacie |
| 610 | 2 | 0 | |a programovanie |
| 610 | 2 | 0 | |a softvér |
| 610 | 2 | 0 | |a využitie počítačov |
| 100 | 1 | |a Hanák, Ján | |